[Event "Wch U18"]
[Site "Florianopolis"]
[Date "2024.10.30"]
[Round "2"]
[White "Francisco Guecamburu, Candela Be"]
[Black "Khubukshanov, Erdem"]
[Result "1/2-1/2"]
[WhiteElo "2267"]
[BlackElo "2441"]
[PlyCount "51"]
[EventDate "2024.10.29"]
[EventType "swiss"]
[EventRounds "11"]
[EventCountry "BRA"]
[SourceTitle "CB45_2024"]
[Source "ChessBase"]
[SourceDate "2024.11.06"]
[SourceVersion "1"]
[SourceVersionDate "2024.11.06"]
[SourceQuality "1"]

1. e4 e5 2. Nf3 Nc6 3. Nc3 Nf6 4. d4 exd4 5. Nxd4 Bb4 6. Nxc6 bxc6 7. Bd3 d5 8. exd5 cxd5 9. 0-0 0-0 10. h3 c6 11. Qf3 Re8 12. Bg5 h6 13. Bxf6 Qxf6 14. Qxf6 gxf6 15. Ne2 a5 16. Rfd1 Rb8 17. Kf1 Re5 18. b3 Ba3 19. c4 Kf8 20. Rab1 Bd7 21. Nd4 h5 22. Nf3 Ree8 23. cxd5 cxd5 24. Nd4 Re5 25. Nf3 Re7 26. Nd4 1/2-1/2

[Event "Swiss Queens Wed #39"]
[Site "FIDE Online Arena INT"]
[Date "2024.10.23"]
[Round "3"]
[White "Francisco Guecamburu, Candela Be"]
[Black "Nurgaliyeva, Zarina"]
[Result "1-0"]
[WhiteElo "2267"]
[BlackElo "2034"]
[PlyCount "69"]
[EventDate "2024.10.23"]
[EventType "swiss (blitz)"]
[EventRounds "11"]
[EventCountry "NET"]
[SourceTitle "CB44_2024"]
[Source "Chessbase"]
[SourceDate "2024.10.30"]
[SourceVersion "1"]
[SourceVersionDate "2024.10.30"]
[SourceQuality "1"]

1. e4 e5 2. Nf3 Nc6 3. Bb5 a6 4. Ba4 Nf6 5. d3 d6 6. c4 Bd7 7. Nc3 g6 8. h3 Bg7 9. 0-0 0-0 10. Be3 Nh5 11. Re1 Be8 12. Nd5 f5 13. Bg5 Qd7 14. exf5 gxf5 15. Ne7+ Kh8 16. d4 b5 17. Nxc6 Qxc6 18. cxb5 axb5 19. Rc1 Qd7 20. Bb3 e4 21. Bd5 Ra6 22. Nh4 c6 23. Bb3 d5 24. a4 h6 25. axb5 cxb5 26. Bd2 f4 27. Qg4 Qxg4 28. hxg4 Nf6 29. Bxf4 Nxg4 30. Be3 Nxe3 31. fxe3 Bf6 32. Rf1 Bc6 33. Ng6+ Kg7 34. Nxf8 Bg5 35. Ne6+ 1-0

[Event "Swiss Queens Wed #39"]
[Site "FIDE Online Arena INT"]
[Date "2024.10.23"]
[Round "7"]
[White "Francisco Guecamburu, Candela Be"]
[Black "Preobrazhenskaya, Diana"]
[Result "1-0"]
[WhiteElo "2267"]
[BlackElo "2084"]
[PlyCount "87"]
[EventDate "2024.10.23"]
[EventType "swiss (blitz)"]
[EventRounds "11"]
[EventCountry "NET"]
[SourceTitle "CB44_2024"]
[Source "Chessbase"]
[SourceDate "2024.10.30"]
[SourceVersion "1"]
[SourceVersionDate "2024.10.30"]
[SourceQuality "1"]

1. e4 c5 2. Nf3 d6 3. Bb5+ Bd7 4. Bxd7+ Qxd7 5. 0-0 Nf6 6. Qe2 Nc6 7. c3 e6 8. Rd1 Be7 9. d4 cxd4 10. cxd4 d5 11. e5 Ne4 12. Be3 b5 13. Ne1 h5 14. f3 Ng5 15. Nd3 h4 16. h3 a6 17. Nd2 Qa7 18. Rac1 Rc8 19. Nb3 a5 20. Nbc5 a4 21. a3 0-0 22. Qd2 Nh7 23. f4 Na5 24. Qf2 Nc4 25. Rf1 g6 26. Qe2 Rfd8 27. Bf2 Kg7 28. Qe1 Bxc5 29. dxc5 d4 30. Bxh4 Rd5 31. Bf2 Nf8 32. Qe2 Nd7 33. Nb4 Qxc5 34. Nxd5 Qxd5 35. Rfd1 Nc5 36. Rxd4 Qb7 37. Rcd1 Rc7 38. Bh4 Nb3 39. Bf6+ Kh7 40. Rd8 Rc8 41. Qg4 Qb6+ 42. Kh2 Rxd8 43. Qh4+ Kg8 44. Qh8# 1-0

[Event "Swiss Queens Wed #39"]
[Site "FIDE Online Arena INT"]
[Date "2024.10.23"]
[Round "2"]
[White "Girya, Olga"]
[Black "Francisco Guecamburu, Candela Be"]
[Result "1-0"]
[WhiteElo "2398"]
[BlackElo "2267"]
[PlyCount "49"]
[EventDate "2024.10.23"]
[EventType "swiss (blitz)"]
[EventRounds "11"]
[EventCountry "NET"]
[SourceTitle "CB44_2024"]
[Source "Chessbase"]
[SourceDate "2024.10.30"]
[SourceVersion "1"]
[SourceVersionDate "2024.10.30"]
[SourceQuality "1"]

1. d4 Nf6 2. Nf3 e6 3. c4 c5 4. d5 exd5 5. cxd5 d6 6. e4 g6 7. Bd3 Bg7 8. 0-0 0-0 9. h3 a6 10. a4 Re8 11. Nc3 Nbd7 12. Bf4 c4 13. Bxc4 Nxe4 14. Nxe4 Rxe4 15. Bg5 Qc7 16. Bd3 Re8 17. Re1 Ne5 18. Nxe5 Rxe5 19. Rc1 Qb6 20. Bf4 Rxe1+ 21. Qxe1 Bd7 22. Qe7 Rd8 23. Be3 Qa5 24. b4 Bf8 25. Qxf8+ 1-0

[Event "Olympiad Women-45"]
[Site "Budapest"]
[Date "2024.09.19"]
[Round "8.1"]
[White "Arakhamia Grant, Ketevan"]
[Black "Francisco Guecamburu, Candela Be"]
[Result "1/2-1/2"]
[WhiteElo "2263"]
[BlackElo "2294"]
[PlyCount "119"]
[EventDate "2024.09.11"]
[EventType "team-swiss"]
[EventRounds "11"]
[EventCountry "HUN"]
[SourceTitle "EXT 2025"]
[Source "ChessBase"]
[SourceDate "2024.10.14"]
[SourceVersion "1"]
[SourceVersionDate "2024.10.14"]
[SourceQuality "1"]
[WhiteTeam "Scotland (W)"]
[BlackTeam "Argentina (W)"]
[WhiteTeamCountry "SCO"]
[BlackTeamCountry "ARG"]

1. e4 e5 2. Nf3 Nc6 3. Bb5 g6 4. 0-0 Bg7 5. c3 a6 6. Ba4 b5 7. Bb3 Nge7 8. d4 exd4 9. cxd4 0-0 10. Nc3 d6 11. h3 Na5 12. Bc2 c5 13. Bf4 cxd4 14. Nxd4 Bb7 15. Nde2 Nc4 16. b3 Na3 17. Rc1 d5 18. exd5 Nxd5 19. Be4 Nxf4 20. Nxf4 Bxe4 21. Nxe4 Qxd1 22. Rfxd1 Bh6 23. g3 Bxf4 24. gxf4 Ra7 25. f5 a5 26. f6 h6 27. h4 Re8 28. f3 a4 29. Kf2 axb3 30. axb3 b4 31. Rd5 Rb8 32. Rcc5 Rab7 33. Nd6 Rb6 34. Ke2 Nb1 35. Ne4 Nc3+ 36. Nxc3 bxc3 37. Rxc3 Rxf6 38. Kf2 Rb4 39. Kg3 Rff4 40. h5 g5 41. Rdc5 Kg7 42. R3c4 Rbxc4 43. Rxc4 Rxc4 44. bxc4 f5 45. Kf2 Kf6 46. Ke3 Ke6 47. Kd3 Kd7 48. Ke3 Kc6 49. Kd4 Kd6 50. Ke3 Ke6 51. Kd4 Kd6 52. Ke3 Kc5 53. Kd3 f4 54. Kc3 Kc6 55. Kd3 Kd6 56. Kd4 Kc6 57. Kd3 Kd7 58. Kd4 Kd6 59. Ke4 Kc5 60. Kd3 1/2-1/2

[Event "Olympiad Women-45"]
[Site "Budapest"]
[Date "2024.09.11"]
[Round "1.26"]
[White "Francisco Guecamburu, Candela Be"]
[Black "Laamim, Roaa"]
[Result "1-0"]
[WhiteElo "2294"]
[BlackElo "1879"]
[PlyCount "45"]
[EventDate "2024.09.11"]
[EventType "team-swiss"]
[EventRounds "11"]
[EventCountry "HUN"]
[SourceTitle "EXT 2025"]
[Source "ChessBase"]
[SourceDate "2024.10.14"]
[SourceVersion "1"]
[SourceVersionDate "2024.10.14"]
[SourceQuality "1"]
[WhiteTeam "Argentina (W)"]
[BlackTeam "Morocco (W)"]
[WhiteTeamCountry "ARG"]
[BlackTeamCountry "MAR"]

1. e4 e5 2. Nf3 Nc6 3. Nc3 Nf6 4. Bb5 d6 5. d4 exd4 6. Nxd4 Bd7 7. Bxc6 bxc6 8. Qf3 c5 9. Nf5 g6 10. Bg5 Bxf5 11. Bxf6 Qxf6 12. exf5 Rc8 13. Qc6+ Kd8 14. 0-0 Qxf5 15. Rad1 Bg7 16. Ne4 Qd7 17. Qb7 Ke7 18. Rfe1 Be5 19. f4 Bd4+ 20. Rxd4 cxd4 21. Nc5+ Qe6 22. Nxe6 fxe6 23. Qd5 1-0